00382nam a2200121Ia 4500008004100000041001200041082001800053100003300071245007000104260004200174300001200216650003200228231217s9999 xx 000 0 und d aEnglish a001.6404 SHE aShepherd, George Wings, Scot 0aMFC internals: Inside the microsoft foundation class architecture c1996bMassachusetts : Addison-Wesley, axxv+709 aMFC Internals Internals,MFC